|
|
|
|
| LEADER |
00685nab a2200181 i 4500 |
| 001 |
acta21941 |
| 005 |
20210526143219.0 |
| 008 |
161015s1980 hu o 0|| eng d |
| 022 |
|
|
|a 0563-0592
|
| 040 |
|
|
|a SZTE Egyetemi Kiadványok Repozitórium
|b hun
|
| 041 |
|
|
|a eng
|
| 100 |
1 |
|
|a Győrffy György
|
| 245 |
1 |
0 |
|a Auchenorrhyncha of the upper terrain of a sand soil grassland
|h [elektronikus dokumentum] :
|b quantitative relations, boinomic and ecological-valence data /
|c Győrffy György
|
| 260 |
|
|
|c 1980
|
| 300 |
|
|
|a 137-142
|
| 490 |
0 |
|
|a Acta biologica
|v 26 No. 1-4
|
| 695 |
|
|
|a Természettudomány
|
| 856 |
4 |
0 |
|u http://acta.bibl.u-szeged.hu/21941/1/biologica_026_137-142.pdf
|z Dokumentum-elérés
|